| 000 | 00520nam a2200193Ia 4500 | ||
|---|---|---|---|
| 003 | OSt | ||
| 005 | 20250131092952.0 | ||
| 008 | 210210b1969 xxu||||| |||| 00| 0 eng d | ||
| 040 | _cAL | ||
| 041 | _aKannada | ||
| 082 | _aK894.4 JOSK | ||
| 100 |
_aJOSHI (Sham Ba). _985278 _dಜೋಶಿ |
||
| 245 |
_aKanmareyada kannada. _bಕಣ್ಮರೆಯಾದ ಕನ್ನಡ |
||
| 260 |
_aHubballi _bSahitya Prakashana _c1969 |
||
| 300 | _aviii,95 | ||
| 690 |
_aKannada Prose _985279 |
||
| 906 | _a041994 | ||
| 942 |
_2ddc _cBK |
||
| 999 |
_c91815 _d91815 |
||